| 000 | 00657nam a2200181 i 4500 | ||
|---|---|---|---|
| 001 | 48866 | ||
| 003 | ES-MaACL | ||
| 005 | 20230906161834.0 | ||
| 007 | t| | ||
| 008 | 030701s1944 sp ||||1| spa d | ||
| 100 | 1 |
_aCordero Torres, José María, _d1909-1977 _940527 |
|
| 245 | 1 | 0 |
_aAspectos de la misión universal de España _b: doctrina internacional y colonial española / _cJosé Mª Cordero Torres. |
| 260 |
_aMadrid : _bEdiciones de la Vicesecretaría de Educación Popular, _c[1944] ( _fHelénica) |
||
| 300 |
_a158 p. ; _c15 cm. |
||
| 852 |
_aES-MaACL _j1838-F-11 _bR.21192 |
||
| 852 |
_aES-MaACL _jC-56437 _bR.89347 |
||
| 999 |
_c48866 _d48866 |
||